000 00825nam a22002771 4500
001 1586
005 20250827144902.0
020 _a9780590994491
040 _aDLC
_cMB
_dDLC
_beng
050 0 0 _aQP434.A4318
082 0 0 _a612.8
100 0 _aAliki
245 1 0 _aMy five senses /
_cby Aliki
250 _aRevised Edition
260 _aNew York :
_bScholastic,
_c1962
300 _a31 pages :
_bcolors illustrations ;
_c18 cm
490 0 _aLet's-read-and-find-out books
505 _aN
520 _aA simple presentation of the five senses, demonstrating some ways we use them.
521 _a590
_bLexile AD
521 _aN
_bRaz-Plus
650 0 _aSenses and sensation
_xJuvenile literature.
650 1 _aSenses and sensation.
906 _a7
_bcbc
_corignew
_du
_eocip
_f19
_gy-gencatlg
942 _2ddc
_cBK
_n0
999 _c1586
_d1586